Chinese myths/ (Record no. 48007)

MARC details
000 -LEADER
fixed length control field 01984cam a2200361 a 4500
005 - DATE AND TIME OF LATEST TRANSACTION
control field 20031230185550.0
008 - FIXED-LENGTH DATA ELEMENTS--GENERAL INFORMATION
fixed length control field 940308s1993 enkab b 001 0 eng
010 ## - LCCN (DPL NO)
LC control number ENG-101584 B-426515-518
020 ## - INTERNATIONAL STANDARD BOOK NUMBER
International Standard Book Number 9788125039464
Terms of availability 195.00
035 ## - SYSTEM CONTROL NUMBER
System control number EN-85117 B-426515-518
037 ## - SOURCE OF ACQUISITION
Source of stock number/acquisition DBAD/PUB
037 ## - SOURCE OF ACQUISITION
Source of stock number/acquisition RBC/Ven
040 ## - CATALOGING SOURCE
Original cataloging agency dpl
Language of cataloging Eng
082 ## - DEWEY DECIMAL CLASSIFICATION NUMBER
Classification number 398.20951
100 1# - MAIN ENTRY--PERSONAL NAME
9 (RLIN) 22405
Personal name Birrell, Anne
245 10 - TITLE STATEMENT
Title Chinese myths/
Statement of responsibility, etc by Anne Birell
260 ## - PUBLICATION, DISTRIBUTION, ETC. (IMPRINT)
Place of publication, distribution, etc New Delhi
Name of publisher, distributor, etc Orient Blackswan
Date of publication, distribution, etc 2010
270 ## - ADDRESS
Address 1/24 Asaf Ali Road
City New Delhi
Postal code 110002
300 ## - PHYSICAL DESCRIPTION
Extent 80p.:
Dimensions 25cm (pbk)
Other physical details ill, maps
490 ## - SERIES STATEMENT
Series statement The legendry past
-- 29724
500 ## - GENERAL NOTE
General note Includes index
650 #0 - SUBJECT ADDED ENTRY--TOPICAL TERM
9 (RLIN) 22406
700 ## - ADDED ENTRY--PERSONAL NAME
9 (RLIN) 22431
856 42 - ELECTRONIC LOCATION AND ACCESS
Uniform Resource Identifier <a href="http://www.loc.gov/catdir/description/texas041/93060588.html">http://www.loc.gov/catdir/description/texas041/93060588.html</a>
856 41 - ELECTRONIC LOCATION AND ACCESS
Uniform Resource Identifier <a href="http://www.loc.gov/catdir/toc/texas041/93060588.html">http://www.loc.gov/catdir/toc/texas041/93060588.html</a>
942 ## - ADDED ENTRY ELEMENTS (KOHA)
Source of classification or shelving scheme Dewey Decimal Classification
Item type English Books
Call number suffix BIR
Classification part 398.20951
Holdings
Withdrawn status Lost status Source of classification or shelving scheme Damaged status Not for loan Collection code Home library Current library Date acquired Source of acquisition Cost, normal purchase price Total Checkouts Full call number Barcode Date last seen Copy number Cost, replacement price Koha item type
    Dewey Decimal Classification     Non-fiction Central Library Central Library 20/07/2011 RBC/22422/17.3.11/76/4.3.11/28.3.11 195.00 5 398.20951 BIR B-426515 16/01/2023 1 195.00 English Books
    Dewey Decimal Classification   Not For Loan Non-fiction D.B.Act.Division D.B.Act.Division 29/09/2010 DBAD/PUB 195.00   398.20951 BIR EN-85117 29/09/2010 1 195.00 English Books
    Dewey Decimal Classification     Non-fiction Patel Nagar Patel Nagar 20/07/2011 RBC/22422/17.3.11/76/4.3.11/28.3.11 195.00   398.20951 BIR B-426516 20/07/2011 1 195.00 English Books
    Dewey Decimal Classification     Non-fiction Sarojini Nagar Sarojini Nagar 20/07/2011 RBC/22422/17.3.11/76/4.3.11/28.3.11 195.00   398.20951 BIR B-426517 20/07/2011 1 195.00 English Books
    Dewey Decimal Classification     Non-fiction Shahdara Branch Shahdara Branch 20/07/2011 RBC/22422/17.3.11/76/4.3.11/28.3.11 195.00   398.20951 BIR B-426518 20/07/2011 1 195.00 English Books

© Delhi Public Library
Hit Counter
free hit counter